The Sims Games - Statistics

General Stats
  • This quiz has been taken 294 times
  • The average score is 19 of 57
Answer Stats
Hint Answer % Correct
Base Game The Sims
93%
Base Game The Sims 2
85%
Base Game The Sims 3
81%
Base Game The Sims 4
74%
Expansion Pets
73%
Expansion Pets
73%
Expansion University
59%
Expansion Seasons
58%
Expansion Seasons
58%
Expansion Nightlife
44%
Expansion Makin' Magic
42%
Expansion Supernatural
40%
Expansion Ambitions
39%
Expansion Generations
38%
Expansion Late Night
38%
Expansion Apartment Life
37%
Expansion Vacation
37%
Expansion Into the Future
36%
Expansion University Life
36%
Expansion World Adventures
36%
Expansion Bon Voyage
34%
Expansion Island Paradise
34%
Expansion Open For Business
34%
Expansion Freetime
32%
Expansion Livin Large'
32%
Expansion Showtime
32%
Expansion Unleashed
32%
Android The Sims Freeplay
30%
Console Bustin' Out
28%
Expansion Superstar
28%
Stuff Diesel
27%
Online The Sims Online
26%
Spin-Off The Sims Medieval
24%
Stuff Family Fun
23%
Expansion House Party
23%
Stuff Movie
23%
Stuff 70s, 80s, 90s
22%
Stuff Fast Lane
22%
Stuff High-End Loft
21%
Stuff Town Life
20%
Stuff Celebration
19%
Stuff Master Suite
19%
Spin-Off My Sims
19%
Stuff Teen Style
18%
Stuff IKEA Home
17%
Stuff Outdoor Living
17%
Console The Urbz
17%
Stuff Glamour Life
16%
Suff H&M Fashion
16%
Stuff Mansion & Garden
16%
Stuff Happy Holiday
14%
Stuff Happy Holiday
14%
Spin-Off The Sims Social
14%
Stuff Katy Perry's Sweet Treats
12%
Stuff Kitchen & Bathroom
12%
Spin-Off The Sims Stories
11%
Expansion Pirates & Nobles
9%
No matching quizzes found
Score Distribution
Percent of People with Each Score
Percentile by Number Answered
Your Score History
You have not taken this quiz